000 00973nam a2200253Ia 4500
003 OSt
005 20221005112309.0
006 a|||||r|||| 00| 0
007 ta
008 221004b |||||||| |||| 00| 0 pan d
020 _a9788178563565 (hbk)
_c300
024 _a5726
037 _b704, 14/06/2013, H.K. Prakashan
_cTextual
040 _aCRL
_cCRL
_bpan
041 _2pan
_apan
082 _aDelta73, 153Q2
100 _aਤਲਵਾੜਾ, ਗੁਰਚਰਨ ਸਿੰਘ
245 0 _aਇਸਲਾਮ ਅਤੇ ਸੂਫੀਮਤ
_b ਸਿਧਾਂਤ, ਇਤਿਹਾਸ ਅਤੇ ਬੁਨਿਆਦੀ ਸੰਕਲਪ
260 _aਅੰਮ੍ਰਿਤਸਰ
_bਵਾਰਿਸ Fਾਹ ਭਾਰਤ
_c2012
300 _a272ਪੰ
_ccm.
650 _aਅਧਿਆਤਮਵਾਦ
942 _hDelta73, 153Q2
_cTEXL
_2cc
999 _c1024468
_d1024468